000 nam a22 7a 4500
999 _c8755
_d8755
008 180119b ||||| |||| 00| 0 eng d
100 _aGupta.R.G.etal.
_95096
245 _aMath Steps
260 _aNew Delhi
_bBharathi
_c2009